000 00576nam a2200205Ia 4500
005 20250507130341.0
008 008 250505s9999 xx 000 0 chi d
020 _a9789578013551
037 _aAnnuals, Advances
040 _aEASL
_beng
_cEASL
041 _achi
_2eng
084 _aV4295,1, P2
_qEASL
100 _aHuang Ying Zhe
_9665183
245 0 _aTai Wan zong du fu
260 _aChina
_bTaibei Qian jie chu banshe China
_c2002
300 _a293p.
650 _aCL
_9642733
942 _cTEXL
_hV4295,1, P2
999 _c1319163
_d1319163